01575nam a2200373 a 4500001001000000003001000010005001700020007000300037008004000040020001800080040003100098082002900129100003500158245007400193250001100267260010000278300005600378336002700434337003500461338003000496500005700526500015200583590002600735650002800761650002700789650002600816650005800842650003800900651005500938910004000993942001201033952013901045999001701184000025278 DO-SdBPM20251027130530.0ta100409s2009 dr ac r 000 0 spa d a9789945424478 aDO-SdBPMbspacBPMSU erda aRD867.44bP349a 20092221 aPeña, Dennis,d1953-eautor 10a¡Ay, mi mai! :bvivencias anecdóticas culturales /cDennis Peña. a2a ed. aSanto Domingo :bAsociación Dominicana de Librero y Afines Incorporado (ASODOLIBRO),c2009f  a158 páginas :bilustraciones, retrato. ;c21 cm. atextobtxt2rdacontent asin mediación bn2rdamedia  avolumen bnc2rdacarrier  aIncluye datos biográficos del autor en las solapas aEdición especial para la XII Feria Internacional del Libro, dedicada a Brasil y a Juan Bosch y Gabiño, en honor al centenario de su nacimiento  aInventariado, 2025/VM 7aAnécdotas dominicanas 7aLiteratura dominicana. 7aHumorismo dominicano  7aVida cotidianavAnécdotas, chistes, sátiras, etc. 7aFilosofía de la vida cotidiana. 7aRepública Dominicana xVida social y costumbres  aVMateo V. Control de calidad. BPMSU 2ddccBK 00102ddc708CDaBPMETbBPMETd2022-06-10eDennis Peñal0oBPMSU CD RD867.44 P349a 2009pBPMSU25100104r2022-06-10w2022-06-10yBK c14230d14230